MARC details
| 000 -CABECERA |
| campo de control de longitud fija |
02087nam a2200313 a 4500 |
| 001 - NÚMERO DE CONTROL |
| campo de control |
000034459 |
| 005 - FECHA Y HORA DE LA ÚLTIMA TRANSACCIÓN |
| campo de control |
20240305103359.0 |
| 008 - DATOS DE LONGITUD FIJA--INFORMACIÓN GENERAL |
| campo de control de longitud fija |
111004s1995 dr acg 000 0 spa d |
| 040 ## - FUENTE DE LA CATALOGACIÓN |
| Centro catalogador/agencia de origen |
DO-SdBNP |
| Lengua de catalogación |
spa |
| Centro/agencia transcriptor |
BNPHU |
| 082 ## - NÚMERO DE LA CLASIFICACIÓN DECIMAL DEWEY |
| Número de clasificación |
780.97293 |
| Número de documento/Ítem |
I37p |
| 100 1# - ENTRADA PRINCIPAL--NOMBRE DE PERSONA |
| Nombre de persona |
Incháustegui, Arístides, |
| Fechas asociadas al nombre |
1938- |
| 9 (RLIN) |
22936 |
| 245 10 - MENCIÓN DE TÍTULO |
| Título |
Por amor al arte : |
| Resto del título |
notas sobre música, compositores e intérpretes dominicanos / |
| Mención de responsabilidad, etc. |
Arístides Incháustegui. |
| 260 ## - PUBLICACIÓN, DISTRIBUCIÓN, ETC. |
| Lugar de publicación, distribución, etc. |
Santo Domingo : |
| Nombre del editor, distribuidor, etc. |
Secretaría de Estado de Educación, Bellas Artes y Cultos, |
| Fecha de publicación, distribución, etc. |
1995. |
| 300 ## - DESCRIPCIÓN FÍSICA |
| Extensión |
398 p. : |
| Otras características físicas |
il., música, retrs. ; |
| Dimensiones |
29 cm. |
| 500 ## - NOTA GENERAL |
| Nota general |
Incluye índice onomástico. |
| 505 0# - NOTA DE CONTENIDO CON FORMATO |
| Título |
Compositores dominicanos -- |
| -- |
Familias dominicanas de músicos -- |
| -- |
Músicos extranjeros pioneros en el país -- |
| -- |
Pianistas dominicanos -- |
| -- |
Violinistas dominicanos -- |
| -- |
Cantantes dominicanos -- |
| -- |
Apuntes para la historia del Himno Dominicano -- |
| -- |
En el cincuentenario de La Voz Dominicana -- |
| -- |
La nueva bachata dominicana -- |
| -- |
Antonio Mesa en el centenario de su nacimiento -- |
| -- |
Recitales de música dominicana -- |
| -- |
El disco en la República Dominicana -- |
| -- |
Discografía de Eduardo Brito -- |
| -- |
Discografía de Antonio Mesa -- |
| -- |
Stokowski y el merengue dominicano: primeras grabaciones de Luis Alberti -- |
| Información miscelánea |
Adenda: |
| Título |
Mi amigo Alfredo Sadel (1930-1989) -- |
| -- |
El arte de Luis Carbonell (1923) -- |
| -- |
El arte de Néstor Mesta Chayres (1908-1971) -- |
| -- |
El arte de Pedro Vargas (1906-1989) -- |
| Información miscelánea |
Índice onomástico. |
| 590 ## - NOTA LOCAL (RLIN) |
| Nota local |
Inventariado, 2018/LP |
| 650 #4 - PUNTO DE ACCESO ADICIONAL DE MATERIA--TÉRMINO DE MATERIA |
| Término de materia o nombre geográfico como elemento de entrada |
Músicos dominicanos |
| 9 (RLIN) |
16091 |
| 650 #4 - PUNTO DE ACCESO ADICIONAL DE MATERIA--TÉRMINO DE MATERIA |
| Término de materia o nombre geográfico como elemento de entrada |
Compositores dominicanos |
| 9 (RLIN) |
59894 |
| 650 #4 - PUNTO DE ACCESO ADICIONAL DE MATERIA--TÉRMINO DE MATERIA |
| Término de materia o nombre geográfico como elemento de entrada |
Música dominicana |
| Subdivisión general |
Historia y crítica |
| 9 (RLIN) |
58389 |
| 650 #4 - PUNTO DE ACCESO ADICIONAL DE MATERIA--TÉRMINO DE MATERIA |
| Término de materia o nombre geográfico como elemento de entrada |
Música popular dominicana |
| Subdivisión general |
Autores y editores |
| 9 (RLIN) |
59895 |
| 650 #4 - PUNTO DE ACCESO ADICIONAL DE MATERIA--TÉRMINO DE MATERIA |
| Término de materia o nombre geográfico como elemento de entrada |
Música popular dominicana |
| Subdivisión general |
Discografía |
| 9 (RLIN) |
59896 |
| 650 #4 - PUNTO DE ACCESO ADICIONAL DE MATERIA--TÉRMINO DE MATERIA |
| Término de materia o nombre geográfico como elemento de entrada |
Industria de la música |
| Subdivisión geográfica |
República Dominicana |
| 9 (RLIN) |
59897 |
| 650 #4 - PUNTO DE ACCESO ADICIONAL DE MATERIA--TÉRMINO DE MATERIA |
| Término de materia o nombre geográfico como elemento de entrada |
Himnos patrióticos dominicanos |
| 9 (RLIN) |
2512 |
| 650 #4 - PUNTO DE ACCESO ADICIONAL DE MATERIA--TÉRMINO DE MATERIA |
| Término de materia o nombre geográfico como elemento de entrada |
Música en el arte |
| 9 (RLIN) |
27650 |
| 650 #4 - PUNTO DE ACCESO ADICIONAL DE MATERIA--TÉRMINO DE MATERIA |
| Término de materia o nombre geográfico como elemento de entrada |
Merengue (música) |
| Subdivisión geográfica |
República Dominicana |
| 9 (RLIN) |
1324 |
| 650 #4 - PUNTO DE ACCESO ADICIONAL DE MATERIA--TÉRMINO DE MATERIA |
| Término de materia o nombre geográfico como elemento de entrada |
Bachata (música) |
| Subdivisión geográfica |
República Dominicana |
| 9 (RLIN) |
54210 |
| 910 ## - DATOS DE OPCIÓN DEL USUARIO (OCLC) |
| Datos de opción del usuario |
Validado. Control de calidad EMS. |